Statistiques concernant Drapeaux des plus grands pays de moins de 100 million

Cliquez ici pour prendre le quiz!

Statistiques générales

  • Ce quiz a été pris 128 fois
  • Le résultat moyen est 18 sur 20

Statistiques - réponses

Réponse% Correct
Allemagne
99%
France
99%
Royaume-Uni
99%
Afrique du Sud
98%
Italie
98%
Turquie
98%
Argentine
97%
Corée du Sud
97%
Iran
97%
Algerie
95%
Espagne
95%
Viêt Nam
95%
Ukraine
94%
Kenya
93%
Colombie
90%
Thaïlande
89%
Rép dém du Congo
81%
Tanzanie
78%
Myanmar
69%
Soudan
63%

Distribution des résultats

Percentile par nombre de réponses

% des personnes avec chaque résultat

Votre développement - résultats

Vous n’avez pas pris ce quiz